أغرب الجرائم العالمية الغامضة / (رقم التسجيلة. 135385)
[ عرض عادي ]
| 000 -الفاتح | |
|---|---|
| عناصر البيانات ثابتة الطول | 00714cam a2200205 i 4500 |
| 005 - تاريخ ووقت آخر معاملة | |
| حقل ضبط | 20260128113540.0 |
| 008 - عناصر البيانات ثابتة الطول | |
| عناصر البيانات ثابتة الطول | 250721s2014 sy gr 000 0 ara d |
| 020 ## - الترقيم الدولي المعياري للكتب (ردمك) | |
| الترقيم الدولي المعياري للكتب (ردمك) | 9789773768412 |
| 082 14 - رقم تصنيف ديوي العشري | |
| رقم التصنيف | 364.152 |
| رقم المادة | ج ر ا |
| 245 10 - بيان العنوان | |
| العنوان | أغرب الجرائم العالمية الغامضة / |
| بيان المسؤولية | جمع وترتيب أبي المظفر سعيد بن محمد السناري. |
| 250 ## - بيان الطبعة | |
| بيان الطبعة | الطبعة الأولى. |
| 264 31 - بيانات النشر، التوزيع…إلخ | |
| مكان النشر، التوزيع...إلخ | دمشق : |
| اسم الناشر، الموزع...إلخ | دار الكتاب العربي، |
| تاريخ النشر، التوزيع...إلخ | 2014. |
| 300 ## - الوصف المادي | |
| عدد الوحدات المكونة للوعاء | 296 صفحة. |
| 650 17 - مدخل إضافي بالموضوع - مصطلح موضوعي | |
| مصطلح موضوعي أو اسم جغرافي كعنصر مدخل | القتل. |
| 650 17 - مدخل إضافي بالموضوع - مصطلح موضوعي | |
| مصطلح موضوعي أو اسم جغرافي كعنصر مدخل | الاغتيال. |
| 650 17 - مدخل إضافي بالموضوع - مصطلح موضوعي | |
| مصطلح موضوعي أو اسم جغرافي كعنصر مدخل | التحقيق الجنائي. |
| 650 17 - مدخل إضافي بالموضوع - مصطلح موضوعي | |
| مصطلح موضوعي أو اسم جغرافي كعنصر مدخل | التاريخ. |
| 942 ## - بيانات إضافية (كوها) | |
| نوع التنصيف | Dewey Decimal Classification |
| نوع المادة (كوها) | كتب |
| حالة السحب | حالة الفقدان | مصدر التصنيف | حالة التلف | غير قابل للإعارة | المكتبة الرئيسية | المكتبة الحالية | موقع الرف | تاريخ التزويد | الرقم المتسلسل | Total Checkouts | رقم الإستدعاء | الباركود | تاريخ آخر ظهور | تاريخ الفاتورة | نوع المادة (كوها) |
|---|---|---|---|---|---|---|---|---|---|---|---|---|---|---|---|
| Dewey Decimal Classification | المكتبة المركزية | المكتبة المركزية | الإعارة | 28/07/2025 | 1643721 | 364.152 / ج ر ا | PLD00395148 | 28/07/2025 | 28/07/2025 | كتب | |||||
| Dewey Decimal Classification | مكتبة أبو علندا العامة | مكتبة أبو علندا العامة | الإعارة | 22/09/2016 | 1643722 | 364.152/جرا | PLD00395698 | 28/07/2025 | 22/09/2016 | كتب | |||||
| Dewey Decimal Classification | مكتبة الحسن العامة | مكتبة الحسن العامة | الإعارة | 22/09/2016 | 1643725 | 364.152/جرا | PLD00395701 | 28/07/2025 | 22/09/2016 | كتب | |||||
| Dewey Decimal Classification | مكتبة حمزة العامة | مكتبة حمزة العامة | الإعارة | 22/09/2016 | 1643724 | 364.152/جرا | PLD00395700 | 28/07/2025 | 22/09/2016 | كتب |